Kredyt inwestycyjny a zmiany strukturalne w przemysle.
Bilancia Poľskej národnej banky v r. 1988-1989 s rozvojovými, centrálnymi a priemyselnými investíciami. Príčiny nízkeho čerpania bankového úveru. Determinanty nízkeho čerpania bankového úveru na rozvojové investície. Drastické obmedzenie úverov podnikov negatívne pôsobí na dlhodobý rozvoj ekonomiky.
Gespeichert in:
| 1. Verfasser: | |
|---|---|
| Format: | Buchkapitel |
| Sprache: | Polnisch |
| Schlagworte: | |
| Tags: |
Keine Tags, Fügen Sie das erste Tag hinzu!
|
MARC
| LEADER | 00000naa a2200000 4500 | ||
|---|---|---|---|
| 001 | r004541 | ||
| 005 | 20221125122855.9 | ||
| 041 | 0 | |a pol | |
| 044 | |a PL | ||
| 245 | 1 | 0 | |a Kredyt inwestycyjny a zmiany strukturalne w przemysle. |c J. Kotowicz |
| 520 | |a Bilancia Poľskej národnej banky v r. 1988-1989 s rozvojovými, centrálnymi a priemyselnými investíciami. Príčiny nízkeho čerpania bankového úveru. Determinanty nízkeho čerpania bankového úveru na rozvojové investície. Drastické obmedzenie úverov podnikov negatívne pôsobí na dlhodobý rozvoj ekonomiky. | ||
| 610 | 2 | 0 | |a úver bankový |
| 610 | 2 | 0 | |a PR |
| 610 | 2 | 0 | |a investície |
| 610 | 2 | 0 | |a úver investičný |
| 610 | 2 | 0 | |a priemysel |
| 610 | 2 | 0 | |a zmeny štruktúrne |
| 100 | 1 | |a Kotowicz, J. | |